Dictionary of Machanical Engineering Terms (Record no. 3262)

MARC details
000 -LEADER
fixed length control field 00341nam a22001457a 4500
005 - DATE AND TIME OF LATEST TRANSACTION
control field 20160620123831.0
008 - FIXED-LENGTH DATA ELEMENTS--GENERAL INFORMATION
fixed length control field 160620b xxu||||| |||| 00| 0 eng d
041 ## - LANGUAGE CODE
Language code of text/sound track or separate title eng
082 ## - DEWEY DECIMAL CLASSIFICATION NUMBER
Item number 8503
245 ## - TITLE STATEMENT
Title Dictionary of Machanical Engineering Terms
260 ## - PUBLICATION, DISTRIBUTION, ETC. (IMPRINT)
Name of publisher Oxford and IBH Kol
300 ## - PHYSICAL DESCRIPTION
Number of Pages 417
650 ## - SUBJECT ADDED ENTRY--TOPICAL TERM
Topical Term Management
942 ## - ADDED ENTRY ELEMENTS (KOHA)
Koha item type Books
Holdings
Lost status Damaged status Collection code Home library Current library Shelving location Date acquired Cost, normal purchase price Full call number Accession Number Koha item type
    Reference JRU Library JRU Library SHELF-103-E 20/06/2016 120.00 621.001 8503 Books